Marketing strategy: (Record no. 8056)
[ view plain ]
| 000 -LEADER | |
|---|---|
| fixed length control field | 02664cam a2200337 a 4500 |
| 001 - CONTROL NUMBER | |
| control field | 17480387 |
| 003 - CONTROL NUMBER IDENTIFIER | |
| control field | OSt |
| 005 - DATE AND TIME OF LATEST TRANSACTION | |
| control field | 20211122123935.0 |
| 008 - FIXED-LENGTH DATA ELEMENTS--GENERAL INFORMATION | |
| fixed length control field | 121001s2014 ohuab b 001 0 eng d |
| 010 ## - LIBRARY OF CONGRESS CONTROL NUMBER | |
| LC control number | 2012950625 |
| 020 ## - INTERNATIONAL STANDARD BOOK NUMBER | |
| International Standard Book Number | 9781285073040 (pbk.) |
| 020 ## - INTERNATIONAL STANDARD BOOK NUMBER | |
| International Standard Book Number | 1285073045 (pbk.) |
| 035 ## - SYSTEM CONTROL NUMBER | |
| System control number | (OCoLC)ocn800033249 |
| 040 ## - CATALOGING SOURCE | |
| Original cataloging agency | BTCTA |
| Language of cataloging | eng |
| Transcribing agency | BTCTA |
| Modifying agency | YDXCP |
| -- | BWX |
| -- | IQU |
| -- | DLC |
| 042 ## - AUTHENTICATION CODE | |
| Authentication code | lccopycat |
| 050 00 - LIBRARY OF CONGRESS CALL NUMBER | |
| Classification number | HF5415.13.M35 |
| 100 1# - MAIN ENTRY--PERSONAL NAME | |
| Personal name | Ferrell, O. C. |
| 245 10 - TITLE STATEMENT | |
| Title | Marketing strategy: |
| Remainder of title | text and cases / |
| Statement of responsibility, etc. | O.C. Ferrell, Michael D. Hartline. |
| 250 ## - EDITION STATEMENT | |
| Edition statement | 6th ed. |
| 260 ## - PUBLICATION, DISTRIBUTION, ETC. | |
| Place of publication, distribution, etc. | Mason, OH: |
| Name of publisher, distributor, etc. | South-Western/Cengage Learning, |
| Date of publication, distribution, etc. | 2014. |
| 300 ## - PHYSICAL DESCRIPTION | |
| Extent | xxvi, 587 p. : |
| Other physical details | ill. (some col.), map ; |
| Dimensions | 26 cm. |
| 504 ## - BIBLIOGRAPHY, ETC. NOTE | |
| Bibliography, etc. note | Includes bibliographical references and indexes. |
| 505 ## - FORMATTED CONTENTS NOTE | |
| Formatted contents note | Contents: 1. Setting the stage for marketing strategy: Marking today's economy -- Strategic marking planning -- 2.Discovering markets opportunities: Collecting and analyzing marketing information -- Developing competitive advantage and strategic focus -- 3.Developing marking strategy: Customers, segmentation, and target marketing -- The marketing program -- Branding and positioning -- 4.Putting strategy into action: Ethics and social responsibility in marking strategy -- Marketing implementation and control -- Developing and maintaining long-term customer relationships 5. Cases: USA today: innovation in an evolving industry -- Apple's wining marketing strategy -- Monsanto balances the interest of multiple stakeholders -- New Belgium brewing (A): gaining competitive advantage through socially responsible marketing -- New Belgium (B): developing a brand personality -- Mattel confronts its marketing challenges -- Mistine: direct selling in the Thai cosmetics market -- BP struggles to repair its tarnished reputation -- Chevrolet: 100 years of products innovation --Wyndham wolrdwide adopts a stakeholder orientation marketing strategy -- NASCAR: can't keep a good brand down -- IndyCar: seeking a return to motorsports' fast lane -- Zappos: delivering happiness -- Sigma marketing: strategic marketing adaptation Netflix fights to stay ahead of a rapidly changing market Gillette: why innovation may not be enough -- IKEA slowly expands its U.S. market presence -- Sushilicious: standing out in a crowded field -- Trouble brews at starbucks -- Groupon -- |
| 650 #0 - SUBJECT ADDED ENTRY--TOPICAL TERM | |
| Topical term or geographic name entry element | Marketing |
| General subdivision | Management. |
| 650 #0 - SUBJECT ADDED ENTRY--TOPICAL TERM | |
| Topical term or geographic name entry element | Marketing |
| General subdivision | Management |
| Form subdivision | Case studies. |
| 700 1# - ADDED ENTRY--PERSONAL NAME | |
| Personal name | Hartline, Michael D. |
| 906 ## - LOCAL DATA ELEMENT F, LDF (RLIN) | |
| a | 7 |
| b | cbc |
| c | copycat |
| d | 3 |
| e | ncip |
| f | 20 |
| g | y-gencatlg |
| 942 ## - ADDED ENTRY ELEMENTS (KOHA) | |
| Source of classification or shelving scheme | Library of Congress Classification |
| Koha item type | Books |
| Withdrawn status | Lost status | Source of classification or shelving scheme | Damaged status | Not for loan | Home library | Current library | Shelving location | Date acquired | Total Checkouts | Full call number | Barcode | Date last seen | Copy number | Price effective from | Koha item type |
|---|---|---|---|---|---|---|---|---|---|---|---|---|---|---|---|
| Library of Congress Classification | WISCONSIN INTERNATIONAL UNIVERSITY COLLEGE, GHANA KUMASI LIBRARY | WISCONSIN INTERNATIONAL UNIVERSITY COLLEGE, GHANA KUMASI LIBRARY | General Stacks | 06/11/2019 | HF5415.13.M35(6e) | K/1406/1406/19 | 19/11/2021 | 1 | 19/11/2021 | Books | |||||
| Library of Congress Classification | WISCONSIN INTERNATIONAL UNIVERSITY COLLEGE, GHANA KUMASI LIBRARY | WISCONSIN INTERNATIONAL UNIVERSITY COLLEGE, GHANA KUMASI LIBRARY | General Stacks | 06/11/2019 | HF5415.13.M351(6e) | K/1407/1407/19 | 19/11/2021 | 2 | 19/11/2021 | Books | |||||
| Library of Congress Classification | WISCONSIN INTERNATIONAL UNIVERSITY COLLEGE, GHANA KUMASI LIBRARY | WISCONSIN INTERNATIONAL UNIVERSITY COLLEGE, GHANA KUMASI LIBRARY | General Stacks | 06/11/2019 | HF5415.13.M352(6e) | K/1408/1408/19 | 19/11/2021 | 3 | 19/11/2021 | Books | |||||
| Library of Congress Classification | WISCONSIN INTERNATIONAL UNIVERSITY COLLEGE, GHANA KUMASI LIBRARY | WISCONSIN INTERNATIONAL UNIVERSITY COLLEGE, GHANA KUMASI LIBRARY | General Stacks | 06/11/2019 | HF5415.13.M353(6e) | K/1409/1409/19 | 19/11/2021 | 4 | 19/11/2021 | Books |
